MARC

LEADER 00000nam0a2200000 4500
001 40111
005 20240204111747.0
035 |a (RuTPU)RU\TPU\book\41089 
090 |a 40111 
100 |a 20020424d2002 m y0rusy50 ca 
101 0 |a rus 
102 |a RU 
105 |a a j 000zy 
200 1 |a Практикум бизнес-планирования  |e учебное пособие  |f С. Л. Еремина, Э. В. Плучевская 
210 |a Томск  |c Изд-во ТПУ  |d 2002 
215 |a 79 с.  |c ил. 
606 1 |a Бизнес-планирование  |x Теория  |2 stltpush  |3 (RuTPU)RU\TPU\subj\71471  |9 85367 
610 1 |a экономика 
610 1 |a бизнес 
610 1 |a планирование 
610 1 |a бизнес-план 
610 1 |a предпринимательство 
610 1 |a резюме 
610 1 |a досье 
610 1 |a компании 
610 1 |a риски 
610 1 |a финансовые планы 
610 1 |a составление 
610 1 |a примеры 
610 1 |a дистанционное образование 
610 1 |a учебные пособия 
686 |a У012.12я73  |2 rubbk 
686 |a У9(2)29-2я73  |2 rubbk 
700 1 |a Еремина  |b С. Л.  |c экономист  |c профессор Томского политехнического университета, доктор экономических наук  |f 1955-  |g Софья Леонидовна  |3 (RuTPU)RU\TPU\pers\27937  |9 12940 
701 1 |a Плучевская  |b Э. В.  |c экономист  |c доцент Томского политехнического университета, кандидат экономических наук  |f 1977-  |g Эмилия Валерьевна  |3 (RuTPU)RU\TPU\pers\26812 
712 0 2 |a Томский политехнический университет  |3 (RuTPU)RU\TPU\col\376 
801 1 |a RU  |b 63413507  |c 20020424  |g PSBO 
801 2 |a RU  |b 63413507  |c 20220527  |g PSBO 
942 |c BK